| 000 | 00976nam a22002055i 4500 | ||
|---|---|---|---|
| 001 | 161518 | ||
| 003 | ES-MaACL | ||
| 005 | 20230906212314.0 | ||
| 008 | 020325s1866 sp |||| | spa d | ||
| 040 |
_aCAM _bspa _cCAM |
||
| 100 | 1 |
_aPastorfido, Miguel. _989537 |
|
| 245 | 1 | 0 |
_aAl son de los puritanos _b: zarzuela en un acto y en verso / _cletra de Miguel Pastorfido ; música del maestro Moderati. |
| 260 |
_aMadrid : _b[s.n.]c 1866 ( _fImprenta de José Rodríguez) |
||
| 300 |
_a33 p. ; _c20 cm. |
||
| 500 | 1 | _aEn port.: Representada por primera vez en el teatro de la Zarzuela, el 14 de enero de 1866. | |
| 500 | _aSolo la letra. | ||
| 596 | 1 | _aEn verso de port. consta: "... de la galería dramática y lírico titulada El Teatro ..." | |
| 700 | 1 |
_aModerati, Cleto. _9130002 |
|
| 852 |
_aES-MaACL _jF-8559(5) _z-- Enc. pasta española _q-- Falto de la cub. original _z-- Enc. en un vol. facticio formando parte de la col. facticia "Teatro español moderno", v. 11 |
||
| 999 |
_c161518 _d161518 |
||